00984nam a22002537a 45000010005000000030006000050050017000110080041000280200018000690400029000870500013001160820012001291000021001412450045001622500046002072600037002533000062002905050007003525200276003595210022006355210018006576500032006756500023007076934FISKH20250610153320.0250610b cb ||||| |||| 00| 0 eng d a9780545552936 aFISKHbengcFISKHdFISKH aPZ10.3 P a823.92  aPrescott, Simon  aSmall mouse big city / cSimon Prescott  aFirst Scholastic printing, February 2013. aNew York : bScholastic, c2009. a30 unnumbered pages : bcolor illstrations ; c18 x 26 cm aJ  aCountry Mouse is going on an adventure! He's leaving his quiet countryside to stay with his friend in the Big City. The city is amazing! The city is magnificent! But when Country Mouse looks across the rooftops and sees the green hills of his home, he begins to feel sad.8 a440 bLexile AD 8 aJ bRaz-Plus  aAnimalsvFriendshipxMouse  aPicture bookvPets